000 00260nam a2200097Ia 4500
001 997519
005 20250826221525.0
008 250824s9999 xx 000 0 und d
245 0 _aŞİMDİ YENİLİK ZAMANI
_cALİ KARAÇAM
260 _bGENÇ HAYAT ÇOCUK YAYINLARI
999 _c997519
_d997519